Every Song by I Prevail - Statistics

General Stats
  • This quiz has been taken 33 times
    15 since last reset
  • The average score is 24 of 57
Answer Stats
Album Song % Correct
Violent Nature(2025) Violent
92%
True Power(2022) Body Bag
75%
Trauma(2019) Bow Down
75%
Violent Nature(2025) Rain
75%
True Power(2022) Closure
67%
Trauma(2019) Gasoline
67%
Violent Nature(2025) God
67%
True Power(2022) There’s Fear in Letting Go
67%
True Power(2022) Choke
58%
Trauma(2019) Hurricane
58%
Violent Nature(2025) Into Hell
58%
Violent Nature(2025) NWO
58%
True Power(2022) Visceral
58%
True Power(2022) 0:00
50%
True Power(2022) Bad Things
50%
True Power(2022) Deep End
50%
True Power(2022) Fake
50%
True Power(2022) FWYTYK
50%
Lifelines(2016) Lifelines
50%
True Power(2022) Self-Destruction
50%
Violent Nature(2025) Annihilate Me
42%
Trauma(2019) Breaking Down
42%
Violent Nature(2025) Crimson & Clover
42%
Trauma(2019) Deadweight
42%
Trauma(2019) DOA
42%
True Power(2022) Doomed
42%
True Power(2022) Judgement Day
42%
True Power(2022) Long Live The King
42%
Trauma(2019) Low
42%
Violent Nature(2025) Pray
42%
Violent Nature(2025) Stay Away
42%
Lifelines(2016) Alone
33%
Heart vs. Mind(2014) Crossroads
33%
Violent Nature(2025) Synthetic Soul
33%
Trauma(2019) Every Time You Leave
33%
Heart vs. Mind(2014) Face Your Demons
33%
Trauma(2019) Goodbye (Interlude)
33%
Heart vs. Mind(2014) Heart vs. Mind
33%
Trauma(2019) I Don't Belong Here
33%
Trauma(2019) Let Me Be Sad
33%
Lifelines(2016) My Heart I Surrender
33%
Lifelines(2016) Outcast
33%
Trauma(2019) Paranoid
33%
Lifelines(2016) Pull the Plug
33%
Lifelines(2016) RISE
33%
Trauma(2019) Rise Above It
33%
True Power(2022) The Negative
33%
Lifelines(2016) Come and Get It
25%
Lifelines(2016) One More Time
25%
Lifelines(2016) Scars
25%
Lifelines(2016) Stuck in Your Head
25%
Heart vs. Mind(2014) The Enemy
25%
Lifelines(2016) Worst Part of Me
25%
Lifelines(2016) Already Dead
17%
Lifelines(2016) Chaos
17%
Heart vs. Mind(2014) Deceivers
17%
Heart vs. Mind(2014) Love, Lust, and Liars
17%
No matching quizzes found
Score Distribution
Percent of People with Each Score
Percentile by Number Answered
Your Score History
You have not taken this quiz since the last reset